Development and validation of worktext in applied mathematics (Record no. 15635)
[ view plain ]
| 000 -LEADER | |
|---|---|
| fixed length control field | 00460nam a22001337a 4500 |
| 082 ## - DEWEY DECIMAL CLASSIFICATION NUMBER | |
| Classification number | 371.33 |
| Item number | Or2d |
| 100 1# - MAIN ENTRY--PERSONAL NAME | |
| Personal name | Ordoñez, Merlie N. |
| 245 ## - TITLE STATEMENT | |
| Title | Development and validation of worktext in applied mathematics |
| 260 ## - PUBLICATION, DISTRIBUTION, ETC. | |
| Place of publication, distribution, etc. | Morong, Rizal |
| Name of publisher, distributor, etc. | [publisher not identified] |
| Date of publication, distribution, etc. | 2011 |
| 300 ## - PHYSICAL DESCRIPTION | |
| Extent | 112 leaves ; |
| Dimensions | 28 cm. Thesis (M.A.T.) - University of Rizal System. |
| 650 ## - SUBJECT ADDED ENTRY--TOPICAL TERM | |
| Topical term or geographic name entry element | Teaching -- Aids and devices. |
| 650 ## - SUBJECT ADDED ENTRY--TOPICAL TERM | |
| Topical term or geographic name entry element | Mathematics -- Study and teaching. |
| 942 ## - ADDED ENTRY ELEMENTS (KOHA) | |
| Koha item type | Theses and dissertations |
| Withdrawn status | Damaged status | Not for loan | Collection code | Home library | Current library | Date acquired | Total Checkouts | Full call number | Barcode | Date last seen | Price effective from | Koha item type |
|---|---|---|---|---|---|---|---|---|---|---|---|---|
| Reference | Morong Graduate Library | Morong Graduate Library | 02/03/2015 | 371.33 Or2d 2011 | URSMOR-GL-04559 | 02/03/2015 | 02/27/2019 | Theses and dissertations | ||||
| Reference | Morong Graduate Library | Morong Graduate Library | 02/03/2015 | 371.33 Or2d 2011 | URSMOR-GL-04560 | 02/03/2015 | 02/27/2019 | Theses and dissertations |